[Event "Ruhrgebiet Verbandsklasse Gruppe 2 1819"]
[Site "Nordrheinwestfalen"]
[Date "2018.10.07"]
[Round "2.7"]
[White "Rotter, Christian"]
[Black "Ulrich, Robin"]
[Result "1-0"]
[WhiteElo "1711"]
[BlackElo "1632"]
[PlyCount "79"]
[EventDate "2018.09.23"]
[EventType "team-tourn"]
[EventRounds "9"]
[EventCountry "GER"]
[SourceTitle "EXT 2022"]
[Source "ChessBase"]
[SourceDate "2021.10.06"]
[SourceVersion "1"]
[SourceVersionDate "2021.10.06"]
[SourceQuality "1"]
[WhiteTeam "Kamen SV II"]
[BlackTeam "Gerthe Werne"]
[WhiteTeamCountry "GER"]
[BlackTeamCountry "GER"]

1. Nf3 d5 2. b3 c5 3. Bb2 Nf6 4. g3 Nc6 5. Bg2 Bf5 6. 0-0 e6 7. d3 Be7 8. Nbd2 0-0 9. h3 Qc7 10. Nh4 Rad8 11. Qc1 Bg6 12. Nxg6 fxg6 13. e4 d4 14. Nf3 Nd7 15. c3 Nde5 16. Ne1 dxc3 17. Bxc3 Nxd3 18. Nxd3 Rxd3 19. Qc2 Rd7 20. Rad1 Rxd1 21. Rxd1 e5 22. Rd5 Bd6 23. Qd3 Nd4 24. Bxd4 cxd4 25. Bf1 a6 26. Qc4 b5 27. Rxb5+ Rf7 28. Rd5 Kf8 29. Qxc7 Bxc7 30. Bxa6 Ke7 31. a4 Bd6 32. Bc4 Rf3 33. Kg2 Rc3 34. a5 d3 35. a6 Bc5 36. Rxc5 d2 37. Rd5 Rc2 38. a7 Ra2 39. Rxe5+ Kf6 40. Rd5 1-0